000 00675cam a22002413a 4500
001 24063
003 PGUSA
005 20140828083520.0
008 071228s2007||||xxu|||||s|||||000 | eng d
040 _aPGUSA
_beng
042 _adc
050 4 _aQK
100 1 _aRangachari, K.
245 1 2 _aA Handbook of Some South Indian Grasses
_h[electronic resource] /
_cK. Rangachari
260 _bProject Gutenberg,
_c2007
506 _aPublic domain in the USA.
516 _aElectronic text
653 _aGrasses -- India, South
653 _aPlants -- India, South
830 0 _aProject Gutenberg
_v24063
856 4 0 _uhttp://www.gutenberg.org/ebooks/24063
942 _cEB
999 _c253318
_d253318